Từ điển tiếng Việt 39.924 mục từ

.

Uloženo v:
Podrobná bibliografie
Hlavní autor: Hoàng Phê (chủ biên)
Další autoři: Chu Bích Thu (Tác giả), Đào Thản (Tác giả), Hoàng Tuệ (Tác giả), Hoàng Văn Hành (Tác giả), Lê Kim Chi (Tác giả)
Médium: Kniha
Jazyk:Vietnamese
Vydáno: H. Nxb Đà Nẵng - Trung tâm từ điển học 2002
Vydání:In lần thứ 8, có sửa chữa, đợt 2
Edice:Viện Ngôn ngữ học
Témata:
Tagy: Přidat tag
Žádné tagy, Buďte první, kdo otaguje tento záznam!
Thư viện lưu trữ: Mạng thư viện Đại học Đà Nẵng
LEADER 01384nam a22004218a 4500
001 000007149
003 3310
005 20111110091126.0
008 110927s2002 b 000 0 vieod
020 |c 130000  |d 3.000b 
041 0 |a vie 
041 0 |a 9204 
082 |a 495.9223  |b HO-P 
084 |a V172.1-42 
100 1 |a Hoàng Phê  |e chủ biên 
245 1 0 |a Từ điển tiếng Việt  |b 39.924 mục từ  |c Hoàng Phê (chủ biên) 
250 |a In lần thứ 8, có sửa chữa, đợt 2 
260 |a H.  |b Nxb Đà Nẵng - Trung tâm từ điển học  |c 2002 
300 |a 1221tr  |c 21cm 
490 |a Viện Ngôn ngữ học 
520 |a . 
653 |a Từ điển 
653 |a Tiếng Việt 
700 1 |a Chu Bích Thu  |e Tác giả 
700 1 |a Đào Thản  |e Tác giả 
700 1 |a Hoàng Tuệ  |e Tác giả 
700 1 |a Hoàng Văn Hành  |e Tác giả 
700 1 |a Lê Kim Chi  |e Tác giả 
OWN |a LSP 
AVA |a UDN50  |b LSP  |d 495.9223 HO-P  |e available  |t Error 5001 Not defined in file expand_doc_bib_avail.  |f 2  |g 0  |h N  |i 0  |k 1 
999 |a From the UDN01 
AVA |a UDN50  |b LSP  |d 495.9223 HO-P  |e available  |t Error 5001 Not defined in file expand_doc_bib_avail.  |f 2  |g 0  |h N  |i 0  |k 1 
TYP |a Monograph 
TYP |a Printed language 
980 |a Mạng thư viện Đại học Đà Nẵng